Europäische Flaggen vor 200 Jahren - Statistiken

Allgemein
  • Dieses Quiz wurde 50 mal gespielt
  • Das Durchschnittsergebnis liegt bei 15 aus 28
Antwortstatistiken
Bildquiz Antwort % Korrekt
Frankreich
98%
Königreich Spanien
98%
Vereinigtes Königreich
98%
Königreich der Niederlande
93%
Russisches Kaiserreich
93%
Schweizer Eidgenossenschaft
91%
Österreichisches Kaiserreich/ Österreich
88%
Königreich Preußen/ Preußen
84%
Osmanisches Reich
84%
Königreich Portugal
81%
Großherzogtum Luxemburg
74%
Königreich Sachsen
70%
Königreich Bayern
65%
Großherzogtum Baden
60%
Fürstentum Monaco
51%
Königreich Württemberg/ Württemberg
49%
Republik San Marino
47%
Fürstentum Liechtenstein
40%
Großherzogtum Hessen
40%
Andorra
37%
Königreich Hannover
35%
Kirchenstaat
30%
Königreich beider Sizilien
16%
Königreich Sardinien- Piemont
9%
Großherzogtum Toskana
2%
Herzogtum Modena und Reggio
2%
Vereinigtes Königreich Schweden und Norwegen
2%
Herzogtum Parma
0%
Keine übereinstimmenden Quizze gefunden
Verteilung der Resultate
Anzahl Personen mit jedem Resultat
Perzentil nach korrekt beantworteten Fragen
Ihre Resultats-Entwicklung
Sie haben dieses Quiz noch nicht gespielt